Statistics for Sports by Picture

Click here to take the quiz!

General Stats

  • This quiz has been taken 141 times
  • The average score is 15 of 16

Answer Stats

Answer% Correct
Baseball
100%
Table Tennis
98%
Basketball
98%
Boxing
98%
Golf
98%
Tennis
98%
Bowling
95%
Skateboarding
92%
Hockey
92%
Archery
91%
Karate
90%
Pool
90%
Ice Fishing
90%
Skiing
86%
Badminton
80%
Croquet
63%

Score Distribution

Percentile by Number Answered

Percent of People with Each Score

Your Score History

You have not taken this quiz